000 00987nac a22002891i 4500
003 EG-ScBUE
005 20250708083320.0
008 250702s1996 enka f b 001 0beng d
020 _a052156672X
020 _a9780521566728
040 _aEG-ScBUE
_beng
_erda
_cEG-ScBUE
_dEG-ScBUE
043 _ae-fr---
082 0 4 _a540.92
_bDON
_222
100 1 _aDonovan, Arthur,
_d1938-
_eauthor.
245 1 0 _aAntoine Lavoisier :
_bscience, administration, and revolution /
_cArthur Donovan.
264 1 _aCambridge :
_bCambridge University Press,
_c1996.
300 _axvi, 351 pages :
_billustrations ;
_c24 cm.
336 _2rdacontent
_atext
_btxt
337 _aunmediated
_2rdamedia
_bn
338 _avolume
_bnc
_2rdacarrier
490 0 _aCambridge science biographies
504 _aIncludes bibliographical references and index.
600 1 7 _aLavoisier, Antoine Laurent,
_d1743-1794.
_2BUEsh
650 7 _aChemists
_zFrance
_xBiography.
_2BUEsh
655 _vReading book
942 _cBB
_2ddc
999 _c5468
_d5468